Nauchni trudove = Travaux scientifique. Mathematiques = Scientific works. Mathematics. Matematika /

Guardado en:
Autor Corporativo: Plovdivski universitet "Paisii Khilendarski"
Formato: Revista
Idioma:Bulgarian
English
Russian
Publicado: Plovdiv : Plovdivski universitet "Paisii Khilendarski", 1963- .
Materias:
Etiquetas: Agregar Etiqueta
Sin Etiquetas, Sea el primero en etiquetar este registro!
LEADER 00866nas a2200205 4500
001 CARPC.004246
005 20080606161601.0
008 050923c19639999bu##|#p#######0###C0bul||
022 |a 0204-5249 
210 0 |a Nauchni trudove 
041 0 |a bul  |a eng  |a rus 
245 0 0 |a Nauchni trudove =  |b Travaux scientifique. Mathematiques = Scientific works. Mathematics.  |n Matematika /  |c Plovdivski universitet "Paisii Khilendarski". 
260 |a Plovdiv :  |b Plovdivski universitet "Paisii Khilendarski",  |c 1963- . 
310 |a Irregular. 
362 0 |a Vol. 1, no. 1 (1963)- . 
510 0 |a MR 
510 0 |a ZM 
710 2 |a Plovdivski universitet "Paisii Khilendarski" 
653 |a Matematica 
866 |9 EMA  |a 1963 1; 1964 2(1); 1965 3(2); 1967-1968 5-6; 1969 7(1); 1970-1974 8-12; 1978-1986 16-24; 1987 25(3); 1988 26(3); 1989 27(3); 1990 28(3); 1993 30(3); 1994 31(3); 1995 32(3); 2004 34(3)